Normal view
MARC view
- الدراما-التعلم
Entry Topical Term
001 - CONTROL NUMBER
- control field: 16845
003 - CONTROL NUMBER IDENTIFIER
- control field: JO-AjAnu
005 - DATE AND TIME OF LATEST TRANSACTION
- control field: 20230606073003.0
008 - FIXED-LENGTH DATA ELEMENTS
- fixed length control field: 230606|| aca||aabn | a|a d
040 ## - CATALOGING SOURCE
- Original cataloging agency: JO-AjAnu
- Transcribing agency: JO-AjAnu
150 ## - HEADING--TOPICAL TERM
- Topical term or geographic name entry element: الدراما-التعلم
670 ## - SOURCE DATA FOUND
- Source citation: Work cat.: (JO-AjAnu)8650: نصار،محمد يوسف مؤلف/صوالحة،معتصم م.مشارك, author 16844, الدراما التعليمية : نظرية وتطبيق